03010ngm a2200253 a 450000100080000000500110000800800410001924500220006026000430008230000110012550001460013652022460028265000160252865000140254465000330255865000250259165000320261665000130264865000200266165000300268165300120271165300110272365300220273410265782025-08-11 2009 bl --- 0-- m #d aREDE AGRICULTURA. aVitória, ES : SEAG/ES, [2009?].c2009 c1 DVD. aCoordenação de jornalismo: Veronica Salazar. Reportagem: Carla Einsfeld. Imagem: Leonardo Picinati. Edição de imagens: Jefferson Rodrigue a1. 13 Sabores do Campo. Nova Venecia. Apresentacao do grupo Ballo Bambini. Entrevista com Xiru do Sul, musico. Jairo Bastianelo, secretario de agricultura de Nova Venecia. Julio Rocha, presidente da Federação da Agricultura e Pecuaria do Espirito Santo. Imagens: Paulo Cesar Junior. Reportagem e texto: Veronica Salazar. Edição de imagens: Jefferson Rodrigues 2. Entrega de 212 barracas a feirantes de Campo Grande (Cariacica), realizado no auditorio da Ceasa. Entrevista com Carmo Zeitune, diretor tecnico Ceasa/ES. Adilson Berguer, feirante. Cesar Colnago, Secretario de Agricultura do Espirito Santo 3. Caminhos do campo em Rio Novo do Sul. Pavimentação de 13 kilometros de extensao Imagens: Paulo Cesar Junior. Reportagem e texto: Veronica Salazar. Edição de imagens: Jefferson Rodrigues 4. 18 CONIRD. Congresso Nacional de Irrigacao e Drenagem. Entrevista Fabio Ahnert, diretor de recrusos hidricos do Iema. Jose Geraldo Ferreira, coordenador do Siag. Imagens: Leonardo Picinati. Reportagem: Carla Einsfeld. Edição de texto: Veronica Salazar. 5. Voz no Campo. Rede de telefonia fixa em Alfredo Chaves (Sao Luiz da Boa Sorte). Reportagem e texto: Veronica Salazar. Edição de imagens: Jefferson Rodrigues 6. Entrega de maquinas em Itaguacu. Resfriador de leite, caminhões, secadores, etc. Entrevista com Evandro Lambert. Isidorio Antonio Binda e Antonio Jose Baratelli, produtores. Fotografia: jose Lucio Campos. Reportagem e texto: Veronica Salazar. Edição de imagens: Jefferson Rodrigues 7. Pedeag Centro Serrano. Livro Novo Pedeag Regionalizado entregue. Entrevista com Ceber Guerra, subsecretario de agricultura. Sigmund Berger, diretor da Associacao Diaconica Serra Pelada. Entrevista com Cesar Colnago, Secretario de Agricultura do Espirito Santo. Reportagem: Carla Einsfeld. Imagens: Leonardo Picinati. Edição de imagens: Hercules Rosa. 8. Pedeag Colatina. Livro Novo Pedeag Regionalizado entregue. Entrevista com Solange de Fatima Reboli Bissoli, diretora do Sindicato dos Trabalhadores de Linhares. Roberto Carlos Keffer, diretor da Fetaes e produtor rural. Entrevista com Cesar Colnago, Secretario de Agricultura do Espirito Santo. Reportagem: Carla Einsfeld. Edição de texto: Veronica Salazar. aAgricultura aChocolate aDesenvolvimento Sustentável aEducação Agrícola aFixação do Homem No Campo aHistoria aJuventude Rural aPedagogia da Alternância aMemoria aPEDEAG aSucessao familiar